000
00323nam a22001457a 4500
008
230321b ||||| |||| 00| 0 eng d
020
_a
9780881326017
041
_a
eng
080
_a
339.9
082
_a
339.9JEN
100
_a
24
101
_a
EKONO
245
_a
GLOBAL TRADE IN SERVICES
_c
JENSEN.B.J
942
_2
udc
_c
BK
999
_c
59411
_d
59411